| 000 | 00421nam a22001577a 4500 | ||
|---|---|---|---|
| 005 | 20170817113315.0 | ||
| 008 | 170817b xxu||||| |||| 00| 0 eng d | ||
| 020 | _a0860370046 | ||
| 040 | _cPK-LaUMT | ||
| 082 |
_aZIAC 297.082 _bAIS-W |
||
| 100 | _aAisha Lemu , B. | ||
| 245 |
_aWoman in Islam/ _cB. Aisha Lemu and Fatima Heeren |
||
| 260 |
_aLonodn: _bIslamic council in europe, _c1978 |
||
| 300 | _a51 p. | ||
| 942 | _cBK | ||
| 999 |
_c97314 _d97314 |
||